[Event "US op 123nd"]
[Site "Grand Rapids"]
[Date "2023.08.02"]
[Round "5"]
[White "Shabalov, Alexander"]
[Black "Zhang, Roger"]
[Result "1-0"]
[WhiteElo "2469"]
[BlackElo "2177"]
[PlyCount "53"]
[EventDate "2023.07.29"]
[EventType "swiss"]
[EventRounds "9"]
[EventCountry "USA"]
[SourceTitle "CBM 215 Extra"]
[Source "ChessBase"]
[SourceDate "2023.09.30"]
[SourceVersion "1"]
[SourceVersionDate "2023.09.30"]
[SourceQuality "1"]

1. d4 Nf6 2. c4 e6 3. Nf3 d5 4. Nc3 Bb4 5. g3 0-0 6. Bg2 c5 7. 0-0 dxc4 8. dxc5 Bxc5 9. Qa4 Nd5 10. Qxc4 Nxc3 11. Qxc3 Qb6 12. a3 Nc6 13. b4 Be7 14. Be3 Qb5 15. Nd4 Nxd4 16. Bxd4 f6 17. Bc5 Bxc5 18. bxc5 Rb8 19. Rab1 Qxe2 20. c6 b5 21. Rfd1 Rb6 22. Qc5 Qe5 23. Qxe5 fxe5 24. c7 a5 25. Rd8 b4 26. Rb3 Ba6 27. Rf3 1-0

[Event "Chicago op 32nd"]
[Site "Chicago"]
[Date "2023.05.27"]
[Round "4"]
[White "Ladan, Nicholas John"]
[Black "Shabalov, Alexander"]
[Result "0-1"]
[WhiteElo "2228"]
[BlackElo "2480"]
[PlyCount "116"]
[EventDate "2023.05.25"]
[EventType "swiss"]
[EventRounds "9"]
[EventCountry "USA"]
[SourceTitle "CBM 214 Extra"]
[Source "ChessBase"]
[SourceDate "2023.07.31"]
[SourceVersion "1"]
[SourceVersionDate "2023.07.31"]
[SourceQuality "1"]

1. d4 Nf6 2. Nf3 e6 3. Bf4 c5 4. e3 Nc6 5. Nbd2 d5 6. c3 Bd6 7. Bg3 0-0 8. Bd3 b6 9. Qe2 Bb7 10. Rd1 Rc8 11. e4 Be7 12. e5 Nh5 13. 0-0 g6 14. Rfe1 Re8 15. Nf1 f5 16. exf6 Bxf6 17. Bb5 Nxg3 18. hxg3 Re7 19. g4 Qd6 20. g5 Bg7 21. Bxc6 Qxc6 22. Ne3 Rf8 23. Ng4 Qa4 24. Qd2 a5 25. Nfe5 Rc7 26. Nf6+ Bxf6 27. gxf6 Rxf6 28. Ng4 Rf8 29. Rxe6 cxd4 30. Rde1 dxc3 31. Nh6+ Kh8 32. bxc3 Qf4 33. Qxf4 Rxf4 34. g4 Kg7 35. g5 Re4 36. R1xe4 dxe4 37. Rxb6 Bc8 38. Rb5 a4 39. Re5 Bb7 40. c4 Kf8 41. c5 Re7 42. Ng4 Rxe5 43. Nxe5 Ke7 44. a3 Ke6 45. c6 Ba6 46. Nd7 Kd6 47. Kh2 Bb5 48. Nf6 Bxc6 49. Kg3 Kc5 50. Kf4 Kc4 51. Nxh7 Kb3 52. Nf8 Be8 53. Ne6 Kxa3 54. Kxe4 Kb2 55. Nc5 a3 56. Nd3+ Kc3 57. Nc1 Bf7 58. f4 Kd2 0-1

[Event "American Continental 17th"]
[Site "Juan Dolio"]
[Date "2023.05.20"]
[Round "8"]
[White "Shabalov, Alexander"]
[Black "Albornoz Cabrera, Carlos Daniel"]
[Result "1/2-1/2"]
[WhiteElo "2480"]
[BlackElo "2586"]
[PlyCount "81"]
[EventDate "2023.05.15"]
[EventType "swiss"]
[EventRounds "11"]
[EventCountry "DOM"]
[SourceTitle "CBM 214 Extra"]
[Source "ChessBase"]
[SourceDate "2023.07.31"]
[SourceVersion "1"]
[SourceVersionDate "2023.07.31"]
[SourceQuality "1"]

1. d4 Nf6 2. c4 e6 3. Nc3 d5 4. cxd5 exd5 5. Bg5 Bb4 6. e3 h6 7. Bh4 g5 8. Bg3 Ne4 9. Qb3 Bxc3+ 10. bxc3 h5 11. f3 Nxg3 12. hxg3 Qd6 13. Kf2 Nc6 14. c4 h4 15. gxh4 Rxh4 16. Rxh4 gxh4 17. cxd5 Qg3+ 18. Ke2 Ne7 19. Re1 c6 20. dxc6 bxc6 21. Kd1 Rb8 22. Qc2 Qd6 23. Bc4 Bf5 24. Qc3 Qg3 25. Bb3 Qxg2 26. e4 Bg6 27. d5 Kd7 28. Qd4 Rd8 29. Re2 Qf1+ 30. Kc2 cxd5 31. Ba4+ Ke6 32. Kb2 f6 33. Qxa7 Kf7 34. Rc2 Qe1 35. Ne2 Qb4+ 36. Bb3 Qb8 37. Qxb8 Rxb8 38. Nf4 Ke8 39. Rc7 Bf7 40. exd5 Nxd5 41. Nxd5 1/2-1/2

[Event "Keres Memorial rap 31st"]
[Site "Tallinn"]
[Date "2022.09.11"]
[Round "10"]
[White "Novik, Maxim"]
[Black "Shabalov, Alexander"]
[Result "1-0"]
[WhiteElo "2412"]
[BlackElo "2514"]
[PlyCount "61"]
[EventDate "2022.09.10"]
[EventType "swiss (rapid)"]
[EventRounds "11"]
[EventCountry "EST"]
[SourceTitle "CBM 210 Extra"]
[Source "ChessBase"]
[SourceDate "2022.11.30"]
[SourceVersion "1"]
[SourceVersionDate "2022.11.30"]
[SourceQuality "1"]

1. Nf3 f5 2. g3 Nf6 3. Bg2 g6 4. 0-0 Bg7 5. d4 0-0 6. c4 d6 7. Qb3 c6 8. Rd1 a5 9. Nc3 Na6 10. Na4 Ne4 11. Nb6 Rb8 12. Nxc8 Qxc8 13. Be3 c5 14. Rac1 Qc6 15. Ng5 cxd4 16. Nxe4 fxe4 17. Bxd4 Nc5 18. Qe3 Bf6 19. Bxc5 Qxc5 20. Qxc5 dxc5 21. Bxe4 Bxb2 22. Rb1 Be5 23. Bxb7 a4 24. Rb5 Bd6 25. Rd3 Rbd8 26. Ra3 e6 27. Rxa4 Be5 28. Ra6 Rd2 29. Bf3 Bd4 30. Rxe6 Rxa2 31. Re7 1-0

[Event "US op 122nd"]
[Site "Rancho Mirage"]
[Date "2022.08.02"]
[Round "4"]
[White "Ladan, Nicholas John"]
[Black "Shabalov, Alexander"]
[Result "0-1"]
[WhiteElo "2110"]
[BlackElo "2510"]
[PlyCount "44"]
[EventDate "2022.07.30"]
[EventType "swiss"]
[EventRounds "9"]
[EventCountry "USA"]
[SourceTitle "CBM 209 Extra"]
[Source "ChessBase"]
[SourceDate "2022.09.30"]
[SourceVersion "1"]
[SourceVersionDate "2022.09.30"]
[SourceQuality "1"]

1. d4 d5 2. c4 c6 3. Nf3 Nf6 4. g3 Bg4 5. Ne5 Bf5 6. cxd5 Qxd5 7. Nf3 Bxb1 8. Rxb1 Qxa2 9. Bf4 e6 10. Bg2 Qa5+ 11. Kf1 Be7 12. Ra1 Qb5 13. Ne5 0-0 14. h4 Rd8 15. h5 Nbd7 16. Nd3 Nb6 17. b4 Nc4 18. h6 g6 19. Qe1 Rxd4 20. Qc3 Rad8 21. Be3 Nxe3+ 22. fxe3 Rxd3 0-1

[Event "USA-ch Seniors playoff"]
[Site "Saint Louis"]
[Date "2022.07.16"]
[Round "4"]
[White "Shabalov, Alexander"]
[Black "Gurevich, Dmitry"]
[Result "1-0"]
[WhiteElo "2510"]
[BlackElo "2351"]
[PlyCount "63"]
[EventDate "2022.07.16"]
[EventType "tourn (rapid)"]
[EventRounds "5"]
[EventCountry "USA"]
[EventCategory "11"]
[SourceTitle "CBM 209 Extra"]
[Source "ChessBase"]
[SourceDate "2022.09.30"]
[SourceVersion "1"]
[SourceVersionDate "2022.09.30"]
[SourceQuality "1"]

1. e4 c5 2. Nf3 d6 3. d4 cxd4 4. Nxd4 Nf6 5. Nc3 Nc6 6. Bc4 Bd7 7. a3 g6 8. h3 Bg7 9. Be3 0-0 10. 0-0 Rc8 11. Ba2 Ne5 12. f4 Nc4 13. Bxc4 Rxc4 14. Qd3 Rc8 15. Rad1 a6 16. e5 Ne8 17. Qe4 Bc6 18. Nxc6 Rxc6 19. Nd5 e6 20. Nb4 Rc7 21. Bb6 Qd7 22. Bxc7 Qxc7 23. Nd3 dxe5 24. fxe5 Qxc2 25. Rc1 Qb3 26. Kh1 Qb5 27. b4 b6 28. Rf3 a5 29. bxa5 Qxa5 30. a4 Bh6 31. Rc8 Bg5 32. Qc6 1-0